Click - Austria, Germany or Switzerland - Statistics

General Stats
  • This quiz has been taken 285 times
  • The average score is 15 of 18
Answer Stats
Hint Answer % Correct
Stuttgart Germany
95%
Geneva Switzerland
95%
Zürich Switzerland
94%
Basel Switzerland
92%
Salzburg Austria
88%
Mainz Germany
88%
Bonn Germany
88%
Lausanne Switzerland
88%
Innsbruck Austria
87%
Graz Austria
87%
Aachen Germany
86%
Linz Austria
85%
Bielefeld Germany
85%
Lübeck Germany
84%
Villach Austria
66%
Winterthur Switzerland
66%
Interlaken Switzerland
63%
Klagenfurt Austria
54%
No matching quizzes found
Score Distribution
Percent of People with Each Score
Percentile by Number Answered
Your Score History
You have not taken this quiz